| 000 | 01624cam a22003737a 4500 | ||
|---|---|---|---|
| 003 | CHAP | ||
| 005 | 20220329141042.0 | ||
| 008 | 971013m1996 mx rs 00110 spa d | ||
| 010 | _a61919 | ||
| 011 | _a62891 | ||
| 035 | _a67067 | ||
| 040 | _cCHAP | ||
| 082 | 0 | 4 |
_a312.0972 _bI57 1995 Camp. |
| 110 | 2 |
_aInstituto Nacional de Estadística, Geografía e Informática. México _959304 |
|
| 245 | 1 | 0 |
_aConteo de población y vivienda 1995 : _bCampeche : resultados definitivos _c/por Instituto Nacional de Estadística, Geografía e Informática |
| 260 |
_aAguascalientes, Ags. : _bInstituto Nacional de Estadística, Geografía e Informática, _c1996-19 . |
||
| 300 | _av. | ||
| 500 | _aLa biblioteca tiene: v.1 Tabulados básicos-- v.2 Perfil sociodemográfico | ||
| 590 |
_aBATCH-UPD _b10 _c20130110 _lUCH01 _h0207 |
||
| 590 |
_aBATCH-UPD _b10 _c20130110 _lUCH01 _h2322 |
||
| 590 |
_aBATCH-UPD _b10 _c20130409 _lUCH01 _h2220 |
||
| 590 |
_aBATCH-UPD _b10 _c20130410 _lUCH01 _h1612 |
||
| 590 |
_aBATCH-UPD _b10 _c20130914 _lUCH01 _h1821 |
||
| 590 |
_aCONVERSION _b10 _c20130109 _lUCH01 _h1333 |
||
| 650 | 1 | 4 |
_aMéxico _xCensos (1995) _976663 |
| 650 | 1 | 4 |
_aPoblación _xEstadísticas _zCampeche. _989373 |
| 650 | 1 | 4 |
_aPoblación _zCampeche. _989416 |
| 650 | 1 | 4 |
_aVivienda _xCampeche. _9120123 |
| 901 | _aBK | ||
| 942 | _cLIBRO | ||
| 949 |
_a312.0972 I57 1995 Camp. _bBC _cINEGI _d33724000626677 _eINEGI _fv.1 _h91451 _i67067 _si _t26.00 |
||
| 949 |
_a312.0972 I57 1995 Camp. _bBC _cINEGI _d33724000702080 _eINEGI _fv.2 _h93938 _i67067 _sb |
||
| 949 |
_a312.0972 I57 1995 Camp. _bBC _cINEGI _d33724000846374 _eINEGI _fv.2 c.2 _gDonaciØn _h101272 _i67067 _sb |
||
| 999 |
_c61919 _d61919 |
||